Formel 1 Podium 1999 - Statistiken

Allgemein
  • Dieses Quiz wurde 211 mal gespielt
  • Das Durchschnittsergebnis liegt bei 8 aus 11
Antwortstatistiken
Antwort % Korrekt
Michael Schumacher
100%
Ralf Schumacher
100%
Mika Häkkinen
96%
David Coulthard
89%
Eddie Irvine
82%
Rubens Barrichello
78%
Heinz-Harald Frentzen
74%
Giancarlo Fisichella
61%
Jarno Trulli
52%
Johnny Herbert
50%
Mika Salo
46%
Keine übereinstimmenden Quizze gefunden
Verteilung der Resultate
Anzahl Personen mit jedem Resultat
Perzentil nach korrekt beantworteten Fragen
Ihre Resultats-Entwicklung
Sie haben dieses Quiz noch nicht gespielt